| 000 | 00638cam a2200217 4500500 | ||
|---|---|---|---|
| 005 | 20260405003041.0 | ||
| 041 | _afre | ||
| 042 | _adc | ||
| 100 | 1 | 0 |
_aRontard, Yseult _eauthor |
| 245 | 0 | 0 | _aThe Leftlovers, le troisième côté du miroir |
| 260 | _c2020. | ||
| 500 | _a67 | ||
| 690 | _aDeuil Perte | ||
| 690 | _aDisparition | ||
| 690 | _aLarme | ||
| 690 | _aLeftovers | ||
| 690 | _aPacôme Thiellement | ||
| 690 | _aSérie | ||
| 786 | 0 | _nPhilosophie magazine | 139 | 6 | 2020-06-01 | p. 50-50 | 1951-1787 | |
| 856 | 4 | 1 | _uhttps://shs.cairn.info/magazine-philosophie-magazine-2020-6-page-50?lang=fr&redirect-ssocas=7080 |
| 999 |
_c2063937 _d2063937 |
||